=LDR 00000nam 2200000 4500 =001 INLIS000000000006588 =005 20230619020945 =035 ##$$a 0010-0622000449 =001 INLIS000000000006588 =005 20220622082533 =035 ##$$a 0010-0622000449 =035 ##$$a 0010-0622000449 =245 1#$$a Niponica : $b Discovering Japan (Special Future: Blending Technology with Tradition: Amazing Paper in Japan) =100 #$$a Niponica =250 ##$$a No. 18 March 18, 2016 =300 ##$$a 27 halaman : $b Gambar ; $c 21x29.5 cm =856 ##$$a OPAC (Rak Majalah Niponica) =260 ##$$a Japan :$b Ministry of Foreign Affairs of Japan,$c 2016 =082 ##$$a 050.11 =084 ##$$a 050.11 NIP a =650 #4$$a Niponica 2017 =650 #4$$a Majalah 2017 =500 ##$$a Contents: Blending Technology with Tradition: Amazing Paper in Japan; Paper in Japanese Culture Washi: Tradition and Evolution; Yes, You Can Wear Paper; High-Tech Paper: Bringing Convenience to People's Lives; Paper Traditions Live On in New Ways; Column: Innovation from Origami; Tasty JapanL Time to Eat! The Kami-nabe Pot; Strolling Japan Mino; Souvenirs of Japan Chochin =505 ##$$a Contents: Blending Technology with Tradition: Amazing Paper in Japan; Paper in Japanese Culture Washi: Tradition and Evolution; Yes, You Can Wear Paper; High-Tech Paper: Bringing Convenience to People's Lives; Paper Traditions Live On in New Ways; Column: Innovation from Origami; Tasty JapanL Time to Eat! The Kami-nabe Pot; Strolling Japan Mino; Souvenirs of Japan Chochin =008 230619################|##########|#|## =990 ##$$a 10/MJ-17